000 00528nam a2200205Ia 4500
003 ARRUPE
005 20150818142822.0
008 130307s9999 xx 000 0 und d
040 _cARRUPELIB
050 _aB765.T54B74 1965
100 _aBrunner, Fernand
_918643
245 _aPlatonisme et AristotÚlisme
245 _bla critique d'ibn gabirol par Saint Thomas D'Aquin
260 _aLouvain
260 _bUniversitaires de Louvain
260 _c1965
300 _a89p.
300 _b20cm.
942 _2lcc
_cMONOGRAPH
999 _c93489
_d93489